<?xml version="1.0" encoding="UTF-8"?>
<record
    xmlns:xsi="http://www.w3.org/2001/XMLSchema-instance"
    xsi:schemaLocation="http://www.loc.gov/MARC21/slim http://www.loc.gov/standards/marcxml/schema/MARC21slim.xsd"
    xmlns="http://www.loc.gov/MARC21/slim">

  <leader>01285nam a2200253 a 4500</leader>
  <controlfield tag="001">44996</controlfield>
  <controlfield tag="003">BD-RjUL</controlfield>
  <controlfield tag="005">20211209053939.0</controlfield>
  <controlfield tag="008">160721s1951    ii ||||| |||| 00| j en  d</controlfield>
  <datafield tag="035" ind1=" " ind2=" ">
    <subfield code="a">(BD-RjUL)45114</subfield>
  </datafield>
  <datafield tag="040" ind1=" " ind2=" ">
    <subfield code="a">BD-RjUL</subfield>
    <subfield code="b">ben</subfield>
    <subfield code="c">BD-RjUL</subfield>
  </datafield>
  <datafield tag="041" ind1=" " ind2=" ">
    <subfield code="a">ben</subfield>
  </datafield>
  <datafield tag="082" ind1=" " ind2=" ">
    <subfield code="2">23</subfield>
    <subfield code="a">891.443                        </subfield>
    <subfield code="b">BAP 1951</subfield>
  </datafield>
  <datafield tag="100" ind1="1" ind2=" ">
    <subfield code="a">&#x9AC;&#x9A8;&#x9CD;&#x9A6;&#x9CD;&#x9AF;&#x9CB;&#x9AA;&#x9BE;&#x9A7;&#x9CD;&#x9AF;&#x9BE;&#x9AF;&#x9BC;, &#x9AA;&#x9BE;&#x981;&#x99A;&#x995;&#x9A1;&#x9BC;&#x9BF;</subfield>
    <subfield code="9">137879</subfield>
  </datafield>
  <datafield tag="245" ind1="1" ind2=" ">
    <subfield code="a">&#x9AA;&#x9BE;&#x981;&#x99A;&#x995;&#x9A1;&#x9BC;&#x9BF; &#x9AC;&#x9A8;&#x9CD;&#x9A6;&#x9CD;&#x9AF;&#x9CB;&#x9AA;&#x9BE;&#x9A7;&#x9CD;&#x9AF;&#x9BE;&#x9AF;&#x9BC;&#x9C7;&#x9B0; &#x9B0;&#x99A;&#x9A8;&#x9BE;&#x9AC;&#x9B2;&#x9C0; /</subfield>
    <subfield code="c">&#x9AA;&#x9BE;&#x981;&#x99A;&#x995;&#x9A1;&#x9BC;&#x9BF; &#x9AC;&#x9A8;&#x9CD;&#x9A6;&#x9CD;&#x9AF;&#x9CB;&#x9AA;&#x9BE;&#x9A7;&#x9CD;&#x9AF;&#x9BE;&#x9AF;&#x9BC;; &#x9B8;&#x9AE;&#x9CD;&#x9AA;&#x9BE;&#x9A6;&#x995; &#x9AC;&#x9CD;&#x9B0;&#x99C;&#x9C7;&#x9A8;&#x9CD;&#x9A6;&#x9CD;&#x9B0;&#x9A8;&#x9BE;&#x9A5; &#x9AC;&#x9A8;&#x9CD;&#x9A6;&#x9CD;&#x9AF;&#x9CB;&#x9AA;&#x9BE;&#x9A7;&#x9CD;&#x9AF;&#x9BE;&#x9AF;&#x9BC;, &#x9B8;&#x99C;&#x9A8;&#x9C0;&#x995;&#x9BE;&#x9A8;&#x9CD;&#x9A4; &#x9A6;&#x9BE;&#x9B8;</subfield>
  </datafield>
  <datafield tag="260" ind1=" " ind2=" ">
    <subfield code="a">&#x995;&#x9B2;&#x995;&#x9BE;&#x9A4;&#x9BE; :</subfield>
    <subfield code="b">&#x9AC;&#x999;&#x9CD;&#x997;&#x9C0;&#x9AF;&#x9BC;-&#x9B8;&#x9BE;&#x9B9;&#x9BF;&#x9A4;&#x9CD;&#x9AF; &#x9AA;&#x9B0;&#x9BF;&#x9B7;&#x9A6;,</subfield>
    <subfield code="c">&#x9E7;&#x9EF;&#x9EB;&#x9E7; [&#x9E7;&#x9E9;&#x9EB;&#x9EE;]</subfield>
  </datafield>
  <datafield tag="300" ind1=" " ind2=" ">
    <subfield code="a"> &#x996;&#x9A8;&#x9CD;&#x9A1; &#x9AA;&#x9C3;. ;</subfield>
    <subfield code="c">&#x9E8;&#x9E8; &#x9B8;&#x9C7;&#x9AE;&#x9BF;.</subfield>
  </datafield>
  <datafield tag="505" ind1="0" ind2=" ">
    <subfield code="a">&#x996;&#x9A8;&#x9CD;&#x9A1;-&#x9E8; --</subfield>
  </datafield>
  <datafield tag="650" ind1=" " ind2=" ">
    <subfield code="a">&#x9AC;&#x9BE;&#x982;&#x9B2;&#x9BE; &#x989;&#x9AA;&#x9A8;&#x9CD;&#x9AF;&#x9BE;&#x9B8;</subfield>
    <subfield code="9">139026</subfield>
  </datafield>
  <datafield tag="650" ind1=" " ind2=" ">
    <subfield code="a">Bengali fiction</subfield>
    <subfield code="9">139027</subfield>
  </datafield>
  <datafield tag="700" ind1=" " ind2=" ">
    <subfield code="a">&#x9AC;&#x9A8;&#x9CD;&#x9A6;&#x9CD;&#x9AF;&#x9CB;&#x9AA;&#x9BE;&#x9A7;&#x9CD;&#x9AF;&#x9BE;&#x9AF;&#x9BC;, &#x9AC;&#x9CD;&#x9B0;&#x99C;&#x9C7;&#x9A8;&#x9CD;&#x9A6;&#x9CD;&#x9B0;&#x9A8;&#x9BE;&#x9A5;</subfield>
    <subfield code="9">137880</subfield>
  </datafield>
  <datafield tag="700" ind1=" " ind2=" ">
    <subfield code="a">&#x9A6;&#x9BE;&#x9B8;, &#x9B8;&#x99C;&#x9A8;&#x9C0;&#x995;&#x9BE;&#x9A8;&#x9CD;&#x9A4;</subfield>
    <subfield code="9">137881</subfield>
  </datafield>
  <datafield tag="942" ind1=" " ind2=" ">
    <subfield code="2">ddc</subfield>
    <subfield code="c">BK</subfield>
  </datafield>
  <datafield tag="999" ind1=" " ind2=" ">
    <subfield code="c">44996</subfield>
    <subfield code="d">44996</subfield>
  </datafield>
  <datafield tag="952" ind1=" " ind2=" ">
    <subfield code="0">0</subfield>
    <subfield code="1">0</subfield>
    <subfield code="2">ddc</subfield>
    <subfield code="4">0</subfield>
    <subfield code="7">0</subfield>
    <subfield code="8">FIC</subfield>
    <subfield code="a">RUCL</subfield>
    <subfield code="b">RUCL</subfield>
    <subfield code="c">Stack</subfield>
    <subfield code="d">1956-07-11</subfield>
    <subfield code="e">Nowros</subfield>
    <subfield code="g">6.12</subfield>
    <subfield code="l">0</subfield>
    <subfield code="o">B 891.4408 BAP V-2 1951</subfield>
    <subfield code="r">2016-07-21 00:00:00</subfield>
    <subfield code="t">C-2</subfield>
    <subfield code="w">2021-12-09</subfield>
    <subfield code="y">BK</subfield>
  </datafield>
  <datafield tag="952" ind1=" " ind2=" ">
    <subfield code="0">0</subfield>
    <subfield code="1">0</subfield>
    <subfield code="2">ddc</subfield>
    <subfield code="4">0</subfield>
    <subfield code="7">0</subfield>
    <subfield code="8">FIC</subfield>
    <subfield code="a">RUCL</subfield>
    <subfield code="b">RUCL</subfield>
    <subfield code="c">Stack</subfield>
    <subfield code="d">1970-10-05</subfield>
    <subfield code="e">sweit &amp; zeitlinger</subfield>
    <subfield code="g">60.00</subfield>
    <subfield code="l">0</subfield>
    <subfield code="o">B 891.4408 BAP V-1 1951</subfield>
    <subfield code="r">2016-08-20 00:00:00</subfield>
    <subfield code="t">C-2</subfield>
    <subfield code="w">2021-12-09</subfield>
    <subfield code="y">BK</subfield>
  </datafield>
  <datafield tag="952" ind1=" " ind2=" ">
    <subfield code="0">0</subfield>
    <subfield code="1">0</subfield>
    <subfield code="2">ddc</subfield>
    <subfield code="4">0</subfield>
    <subfield code="7">0</subfield>
    <subfield code="8">FIC</subfield>
    <subfield code="a">RUCL</subfield>
    <subfield code="b">RUCL</subfield>
    <subfield code="c">Stack</subfield>
    <subfield code="d">1973-09-06</subfield>
    <subfield code="e">sweit &amp; zeitlinger</subfield>
    <subfield code="g">60.00</subfield>
    <subfield code="l">0</subfield>
    <subfield code="o">B 891.4408 BAP V-2 1951</subfield>
    <subfield code="r">2016-08-20 00:00:00</subfield>
    <subfield code="t">C-3</subfield>
    <subfield code="w">2021-12-09</subfield>
    <subfield code="y">BK</subfield>
  </datafield>
  <datafield tag="952" ind1=" " ind2=" ">
    <subfield code="0">0</subfield>
    <subfield code="1">0</subfield>
    <subfield code="2">ddc</subfield>
    <subfield code="4">0</subfield>
    <subfield code="7">0</subfield>
    <subfield code="8">FIC</subfield>
    <subfield code="a">RUCL</subfield>
    <subfield code="b">RUCL</subfield>
    <subfield code="c">Stack</subfield>
    <subfield code="d">1978-11-28</subfield>
    <subfield code="e">Bangladesh Books International Ltd.</subfield>
    <subfield code="g">10.00</subfield>
    <subfield code="l">0</subfield>
    <subfield code="o">B 891.4408 BAP V-1 1950</subfield>
    <subfield code="r">2016-08-20 00:00:00</subfield>
    <subfield code="t">C-3</subfield>
    <subfield code="w">2021-12-09</subfield>
    <subfield code="y">BK</subfield>
  </datafield>
  <datafield tag="952" ind1=" " ind2=" ">
    <subfield code="0">0</subfield>
    <subfield code="1">0</subfield>
    <subfield code="2">ddc</subfield>
    <subfield code="4">0</subfield>
    <subfield code="7">0</subfield>
    <subfield code="8">NFIC</subfield>
    <subfield code="a">RUCL</subfield>
    <subfield code="b">RUCL</subfield>
    <subfield code="c">Stack</subfield>
    <subfield code="d">1978-11-28</subfield>
    <subfield code="e">India international, kolcutta</subfield>
    <subfield code="g">10.00</subfield>
    <subfield code="l">0</subfield>
    <subfield code="o">B 891.443 BAP V-1 1951</subfield>
    <subfield code="r">2016-09-26 00:00:00</subfield>
    <subfield code="t">C-4</subfield>
    <subfield code="w">2021-12-09</subfield>
    <subfield code="y">BK</subfield>
  </datafield>
</record>
